| 000 | 02219nam a22003135i 4500 | ||
|---|---|---|---|
| 001 | 22918409 | ||
| 003 | OSt | ||
| 005 | 20231006154409.0 | ||
| 008 | 230105s2023 meu 000 0 eng | ||
| 010 | _a 2023930175 | ||
| 020 | _a91s1915054142 | ||
| 020 |
_a9798885785945 _q(hardcover) |
||
| 040 |
_aDLC _beng _erda _cDLC |
||
| 042 | _apcc | ||
| 082 |
_a813.6 _bPEN/L |
||
| 100 | 1 |
_aPenner, Sarah, _eauthor. |
|
| 245 | 1 | 4 |
_aThe London séance society : _ba novel / _cSarah Penner. |
| 250 | _aLarge print. | ||
| 263 | _a2304 | ||
| 264 | 1 |
_aWaterville : _bThorndike Press, _c2023. |
|
| 300 | _apages cm | ||
| 336 |
_atext _btxt _2rdacontent |
||
| 337 |
_aunmediated _bn _2rdamedia |
||
| 338 |
_avolume _bnc _2rdacarrier |
||
| 520 |
_a"Sarah Penner brings history to vivid life in this atmospheric and evocative whodunnit steeped in suspense, mystery, and illusion." --Nita Prose, #1 New York Times bestseller of The Maid From the author of the sensational bestseller The Lost Apothecary comes a spellbinding tale about truth, illusion and the grave risks women will take to avenge the ones they love. May mercy be upon the man who finds himself the enemy of a vengeful medium... 1873. At an abandoned château on the outskirts of Paris, a dark séance is about to take place, led by acclaimed spiritualist Vaudeline D'Allaire. Known worldwide for her talent in conjuring the spirits of murder victims to ascertain the identities of the people who killed them, she is highly sought after by widows and investigators alike. Lenna Wickes has come to Paris to find answers about her sister's death, but to do so, she must embrace the unknown and overcome her own logic-driven bias against the occult. When Vaudeline is beckoned to England to solve a high-profile murder, Lenna accompanies her as an understudy. But as the women team up with the powerful men of London's exclusive Séance Society to solve the mystery, they begin to suspect that they are not merely out to solve a crime, but perhaps entangled in one themselves.."-- _cProvided by publisher. |
||
| 906 |
_a0 _bibc _corignew _d2 _eepcn _f20 _gy-gencatlg |
||
| 942 |
_2ddc _cBK _h813.6 _iPEN/L _k813.6 _mPEN/L |
||
| 999 |
_c42561 _d42561 |
||